000 00830nam a2200265Ia 4500
005 20220316235253.0
008 121119s2003 ck grl 000 0 spa
020 _a9586531066
041 0 _aspa
082 0 4 _aR 351.861
_bC64C
245 0 0 _aCódigo contencioso administrativo
250 _aPrimera edición
264 1 _aBogotá
_bLegis
_c2003
300 _a489 páginas
_cCD-ROM
336 _atexto
_btxt
_2rdacontent
337 _asin mediación
_bn
_2rdamedia
338 _avolumen
_bnc
_2rdacarrier
490 0 _aCódigos básicos
650 1 4 _2LEMB
_aDerecho administrativo
_xLegislación
650 1 4 _2LEMB
_aRecurso contencioso administrativo
_zColombia
650 1 4 _2LEMB
_aProcedimiento administrativo
_zColombia
650 1 4 _2LEMB
_aActos administrativos
942 _2ddc
_cREF
040 _aCO-BoRNBP
_bspa
_erda
_cCO-BoRNBP
999 _c441
_d441